| 000 | 00897nam a2200217Ia 4500 | ||
|---|---|---|---|
| 003 | GCL | ||
| 008 | 140319s9999 xx 000 0 ara d | ||
| 040 |
_aGCL / _cGCL |
||
| 082 | 0 | 4 |
_aق _b327.620624 _bن ا |
| 100 | 1 | _aنسيم مقار | |
| 245 | 1 | 0 |
_aالاسس التاريخية للتكامل الاقتصادى بين مصر والسودان : _bدراسة فى العلاقات الاقتصادية المصرية السودانية(1821-1848) / _cنسيم مقار |
| 260 |
_aالقاهرة : _bالهيئة المصرية العامة للكتاب ، _c1985 |
||
| 300 |
_a226 ص ؛ _c19 سم |
||
| 490 |
_aمركز وثائق وتاريخ مصر المعاصر _v0 |
||
| 650 | 0 | 4 | _aمصر |
| 650 | 0 | 4 | _aالتكامل الاقتصادى |
| 650 | 0 | 4 | _aالسودان |
| 650 | 0 | 4 | _aالعلاقات الاقتصادية |
| 650 | 0 | 4 | _aالتبادل التجارى |
| 942 |
_2ddc _cBK |
||
| 999 |
_c52390 _d52390 |
||